000 00304nam a2200133Ia 4500
005 20251222144901.0
008 251222s9999||||xx |||||||||||||| ||spa||
020 _a84-320-8208-2
082 _a813.5/B45/1984/Ej.2
100 _aBenchley, Peter
245 0 _aTiburón
264 _bPlaneta
942 _cLIB
999 _c21966
_d21966